[Event "IECG OP.2006.0.00104"]
[Site "IECG email"]
[Date "2006.07.29"]
[Round "?"]
[White "Meyer, Edwin"]
[Black "Milde, Lars"]
[Result "0-1"]
[WhiteElo "1700"]
[BlackElo "1885"]
[PlyCount "32"]
[EventDate "2006.07.29"]
[EventType "tourn (corr)"]
[EventRounds "6"]
[SourceTitle "Corr 2008"]
[Source "ChessBase"]
[SourceDate "2008.06.24"]
[SourceVersion "1"]
[SourceVersionDate "2008.06.24"]
[SourceQuality "1"]

1. b3 d5 2. e3 e5 3. Bb2 Nc6 4. Bb5 f6 5. Qh5+ g6 6. Qh4 Nh6 7. f4 Nf5 8. Qf2 Bg7 9. Nf3 0-0 10. Bxc6 bxc6 11. 0-0 Ba6 12. d3 e4 13. Ne1 Re8 14. Bc1 d4 15. g4 Nxe3 16. Bxe3 dxe3 0-1